000 00779cam a2200241 a 4500
001 1440
005 20231211160238.0
020 _a0516210106 (lib. bdg.)
040 _aDLC
_cDLC
_dDLC
050 0 0 _aDS655
_b.O43 2000
082 0 0 _a959.9
_221
100 1 _aOleksy, Walter G.,
_d1930-
245 1 4 _aThe Philippines /
_cby Walter Oleksy.
260 _aNew York :
_bChildren's Press,
_c2000.
300 _a144 pages :
_bcolor illustrations, maps ;
_c25 cm
505 _aZ
520 _aDescribes the geography, plants, animals, history, economy, language, religions, culture, sports, arts, and people of the Philippines.
521 _a1150
_bLexile
521 _aZ
_bRaz-Plus
650 _aPhilipines
906 _a7
_bvip
_corignew
_d1
_eocip
_f19
_gy-gencatlg
942 _2ddc
_cBK
_n0
999 _c1440
_d1440